| 000 | 00492nam a22001577a 4500 | ||
|---|---|---|---|
| 003 | NUST | ||
| 038 | _aNusrat Nadeem | ||
| 082 | _a200 | ||
| 100 |
_aAshraf, Maria _930259 |
||
| 245 |
_aDemand Side Integration in Smart Grid Systems/ _cMaria Ashraf, |
||
| 264 |
_aKarachi. _bPNEC NUST _c2025. |
||
| 650 |
_aPhD-Electrical Engineering _984162 |
||
| 700 |
_aSupervisor: Dr. Syed Sajjad Haider Zaidi _9127716 |
||
| 856 | _uhttp://10.250.8.41:8080/xmlui/handle/123456789/57438 | ||
| 942 |
_2ddc _cSC |
||
| 999 |
_c616363 _d616363 |
||